Music Quiz

Random Music or Bands Quiz
Score 0/40 Timer 06:00
0 Plays Today
Songs Band % Correct
Heart-Shaped Box; In Bloom; LithiumNirvana
89.2%
Freak On A Leash; Blind; Twisted TransistorKorn
85.6%
Longview; Minority; 21 GunsGreen Day
84.9%
Jeremy; Daughter; Save YouPearl Jam
77.7%
Testify; No Shelter; Killing In The NameRage Against The Machine
74.1%
Sugar; B.Y.O.B.; ToxicitySystem Of A Down
73.4%
The Day I Tried To Live; Black Hole Sun; Live To RiseSoundgarden
72.7%
Fuel; Until It Sleeps; Sad But TrueMetallica
67.6%
Underclass Hero; Fat Lip; Still WaitingSum 41
65.5%
Bullet With Butterfly Wings; Disarm; Tonight TonightSmashing Pumpkins
63.3%
One Step Closer; Faint; Given UpLinkin Park
59%
Down With The Sickness; Liberate; Inside The FireDisturbed
56.8%
Tourniquet; The Fight Song; The Dope ShowMarilyn Manson
54.7%
Only Happy When It Rains; I Think I'm Paranoid; Blood For PoppiesGarbage
51.8%
Knock Me Down; Snow; Can't StopRed Hot Chili Peppers
51.1%
Stay Together For The Kids; Up All Night; I Miss YouBlink-182
51.1%
Angry Chair; Heaven Beside You; Your DecisionAlice In Chains
50.4%
Cowboys From Hell; This Love; I'm BrokenPantera
50.4%
The Sound Of Winter; Greedy Fly; MachineheadBush
41.7%
Jumper; How's It Gonna Be; Never Let You GoThird Eye Blind
40.3%
Songs Band % Correct
Santa Monica; I Will Buy You A New Life; AM RadioEverclear
34.5%
Counterfeit; Eat You Alive; My WayLimp Bizkit
32.4%
Fine Again; Fake It; TonightSeether
32.4%
Loser; Let Me Go; Here Without You3 Doors Down
32.4%
Down In It; Into The Void; SurvivalismNine Inch Nails
31.7%
Take A Picture; Dose; No LoveFilter
27.3%
To Be Loved; Broken Home; BurnPapa Roach
26.6%
I'm So Sick; Again; ChasmFlyleaf
19.4%
Send The Pain Below; The Clincher; JarsChevelle
18.7%
Never Enough; The Way Of The Fist; Under And Over ItFive Finger Death Punch
18%
Silver And Cold; The Days Of The Phoenix; Beautiful ThievesAFI
16.5%
Fade; Falling; Eyes Wide OpenStaind
13.7%
So Happy; Hate My Life; HurricaneTheory Of A Deadman
10.1%
Replica; Linchpin; PowershifterFear Factory
10.1%
Denial; Ugly; Beg To DifferSevendust
9.4%
Spin; Sick Cycle Carousel; BlindLifehouse
7.9%
Destroyer; I'm With Stupid; The OnlyStatic-X
7.2%
Goodbye For Now; On Fire; Rock The PartyP.O.D.
6.5%
My World; You're Going Down; Odd OneSick Puppies
5.8%
Silhouettes; Don't Ever Leave; AfterlifeSmile Empty Soul
1.4%

You're not logged in!

Compare scores with friends on all Sporcle quizzes.
OR
Log In

Sporcle TV

Today on Sporcle TV


Watch our educational content, quiz creation guides, and fun videos on Sporcle TV.

Show Comments

Extras

Created Jan 19, 2013ReportNominate
Tags:Bands Quiz, Rock Quiz

Top Quizzes Today


Score Distribution

Paid Content

Your Account Isn't Verified!

In order to create a playlist on Sporcle, you need to verify the email address you used during registration. Go to your Sporcle Settings to finish the process.

Report this User

Report this user for behavior that violates our Community Guidelines.

Details: